000
00261cam a2200109ua 4500
082
_a
821
_b
PEA/EN
100
_a
Peacock, W .
_9
1825
245
0
0
_a
English Verse, vol - 4 /
260
_a
London :
_b
Oxford University Press ,
_c
1964.
300
_a
606 ; .
942
_c
BK
999
_c
889
_d
889